000 01178nam a2200277Ia 4500
003 OSt
005 20221005110646.0
006 a|||||r|||| 00| 0
007 ta
008 221004b |||||||| |||| 00| 0 hin d
020 _a9789388183482 (hbk)
_cINR 1295.00
024 _a42514
037 _bBR/7267, 16/02/2019, Rajkamal Prakashan Pvt. Ltd.
_cTextual
040 _aCRL
_cCRL
_bhin
041 _2hin
_ahin
082 _aO152,1N276:g, Q8.1-.2
100 _aनिश्चल, ओम, संपा.
245 0 _aअन्वय , अन्विति
_b साहित्य के परिसर में कुॅंवर नारायण
246 _aAnvaya , anviti: sāhitya ke parisar mean kuॅanvar nārāyaṇa
260 _aनई दिल्ली
_bराजकमल प्रकाशन भारत
_c2018
490 _vखण्ड 1
650 _a हिन्दी साहित्य
650 _aहिन्दी कविता
942 _hO152,1N276:g, Q8.1-.2
_cTEXL
_2cc
999 _c1019500
_d1019500